| 000 | 00608nam a2200205Ia 4500 | ||
|---|---|---|---|
| 003 | OSt | ||
| 005 | 20250818104351.0 | ||
| 008 | 210210b1961 xxu||||| |||| 00| 0 eng d | ||
| 040 | _cAL | ||
| 041 | _aKannada | ||
| 082 | _a856/292 | ||
| 100 |
_aSOMANATHANANDA SVAMI _d ಸೋಮನಾಥನಂದ ಸ್ವಾಮಿ _9236128 |
||
| 245 |
_aUpanishat parichaya _bಉಪನಿಷತ್ ಪರಿಚಯ |
||
| 260 |
_aMaisUru _bMaisuru Vishvavidyanilaya _c1961 |
||
| 650 |
_aUpaniShat _9236129 |
||
| 650 |
_aparichaya _9236130 |
||
| 690 |
_aKannada Miscellaneous _9236131 |
||
| 906 | _a020528 | ||
| 942 |
_2ddc _cBK |
||
| 999 |
_c144678 _d144678 |
||